| 000 | 00936nam a2200277Ia 4500 | ||
|---|---|---|---|
| 001 | 70475 | ||
| 003 | 144449 | ||
| 005 | 20260127153715.0 | ||
| 008 | ||||||n9999 ||| || || | ||
| 041 | _aspa | ||
| 100 |
_aMartinez Giron, Miryam Marcela _993506 |
||
| 245 | 0 |
_aLa eutanasia _buna posibilidad real en la redefinición de la vida y la muerte |
|
| 260 |
_aBogotá : _bEscuela Superior de Administración Pública - ESAP, _c1999. |
||
| 300 | _a81h. | ||
| 562 | _e1 | ||
| 650 |
_aANALISIS NORMATIVO _99834 |
||
| 650 |
_aCONDICIONES DE VIDA _94671 |
||
| 650 | 0 |
_aDelitos contra la persona _925999 |
|
| 650 |
_aDERECHO A MORIR DIGNAMENTE _932487 |
||
| 650 | 0 |
_aDignidad humana _991988 |
|
| 650 | 0 |
_aESPECIALIZACIÓN EN DERECHOS HUMANOS--TESIS Y DISERTACIONES ACADÉMICAS _925068 |
|
| 650 | 0 |
_aÉtica médica _988520 |
|
| 650 |
_aEUTANASIA _950741 |
||
| 650 |
_aTESIS Y DISERTACIONES ACADÉMICAS _993507 |
||
| 942 | _cTESIS | ||
| 999 |
_c70475 _d70475 |
||